| 000 | 00465nam a2200181Ia 4500 | ||
|---|---|---|---|
| 008 | 240925s9999 xx 000 0 und d | ||
| 020 | _a413280101 | ||
| 082 | _a796.44 HOL | ||
| 100 | _aHollowood, Bernard | ||
| 245 | 0 | _aCricket on the Brain | |
| 250 | _aNA | ||
| 260 |
_aLondon: _bEyre Michael _c,1970. |
||
| 300 |
_a394p. _bII _fOriginal |
||
| 500 | _aIncludes Index | ||
| 600 | _aHumanities & Natural Science | ||
| 650 | _aArts and Recreation | ||
| 942 | _cBK | ||
| 999 |
_c12031 _d12031 |
||